Financial conditions of a city for generating its own development

Salvato in:
Dettagli Bibliografici
Autore principale: Žárska, Elena, 1955-
Altri autori: Rafaj, Oliver, 1989-
Natura: Capitolo di libro
Lingua:inglese
Soggetti:
Tags: Aggiungi Tag
Nessun Tag, puoi essere il primo ad aggiungerne!!

MARC

LEADER 00000naa$a2200000$$$4500
001 0226812
005 20240502083607.9
041 0 |a eng 
044 |a CZ 
245 1 0 |a Financial conditions of a city for generating its own development  |c Elena Žárska, Oliver Rafaj 
610 2 0 |a mestá 
610 2 0 |a obce 
610 2 0 |a rozvoj regionálny 
610 2 0 |a financie komunálne 
610 2 0 |a rozmiestenie investícií 
610 2 0 |a riadenie regionálne 
610 2 0 |a ekonomika regionálna 
100 1 |a Žárska, Elena, 1955- 
700 1 |a Rafaj, Oliver, 1989-